header

Doing qualitative research (Record no. 46085)

MARC details
000 -LEADER
fixed length control field 01401nam a2200361Ia 4500
100 1# - MAIN ENTRY--AUTHOR NAME
Personal name Ely, Margot.
245 10 - TITLE STATEMENT
Title Doing qualitative research
260 ## - PUBLICATION, DISTRIBUTION, ETC. (IMPRINT)
Place of publication London ; New York :
Name of publisher Falmer Press,
Year of publication 1991.
300 ## - PHYSICAL DESCRIPTION
Number of Pages vii, 245 p.
490 1# - SERIES STATEMENT
Series statement Falmer Press teachers' library
650 00 - SUBJECT ADDED ENTRY--TOPICAL TERM
Topical Term Ethnology
Topical Term Ethnology
Topical Term Participant observation.
Topical Term Social sciences
856 40 - ELECTRONIC LOCATION AND ACCESS
Uniform Resource Identifier http://site.ebrary.com/lib/rucke/Doc?id=10060602

No items available.

© 2026 Rongo University
Contact us: librarian | system librarian | Rongo university